[Event "Druzynowe Mistrzostwa Polski Juniorow - I Liga 2018"]
[Site "Kudowa-Zdroj"]
[Date "1899-12-30"]
[Round "3.17"]
[White "Buchta, Agnieszka"]
[Black "Szelag, Zuzanna"]
[Result "0-1"]
[WhiteTitle "I++"]
[BlackTitle "I++"]
[WhiteElo "1810"]
[BlackElo "1767"]

1. e4 c5 2. b3 d6 3. Bb2 e5 4. Bc4 Nc6 5. Nc3 g6 6. d3 Bg7 7. Nge2 Nge7 8. O-O
O-O 9. f4 Kh8 10. fxe5 Nxe5 11. Kh1 f5 12. Bd5 Ng4 13. Qd2 Nxd5 14. exd5 Qh4 15.
h3 Re8 16. Nf4 g5 17. Ne6 Bxe6 18. dxe6 Rxe6 19. Rxf5 Qg3 20. hxg4 Rh6+ 21. Kg1
Bd4+ 22. Rf2 Rh2 23. Ne4 Qxg2# 0-1

[Event "Druzynowe Mistrzostwa Polski Juniorow - I Liga 2018"]
[Site "Kudowa-Zdroj"]
[Date "1899-12-30"]
[Round "3.18"]
[White "Nowak, Roksana"]
[Black "Zniszczol, Wiktoria"]
[Result "0-1"]
[WhiteTitle "I"]
[BlackTitle "I+"]
[WhiteElo "1372"]
[BlackElo "1568"]

1. d4 Nf6 2. c4 c5 3. d5 b5 4. cxb5 a6 5. bxa6 Bxa6 6. Nc3 g6 7. e4 Bxf1 8. Kxf1
d6 9. g3 Bg7 10. Kg2 O-O 11. Nf3 Qa5 12. Re1 Nfd7 13. Bd2 Na6 14. a4 Nb4 15. Qb3
c4 16. Qd1 Nd3 17. Re2 N7c5 18. Nb5 Qb6 19. Bc3 Nxa4 20. Rxa4 Qxb5 21. Rxa8 Rxa8
22. Qc2 Bxc3 23. bxc3 Ra3 24. Ne1 Nc5 25. Re3 Na4 26. Qc1 Rb3 27. Nc2 Rxc3 28.
Rxc3 Nxc3 29. Nd4 Qb4 30. Nc6 Qb3 31. Nd4 Qb4 32. Nc6 Na2 33. Nxb4 Nxc1 34. Kf3
Nb3 35. Ke2 Nd4+ 36. Ke3 Nb3 37. Ke2 Nd4+ 38. Ke3 Nb3 39. Ke2 e6 40. Nc2 Kf8 41.
Na3 c3 42. Nc2 Nc5 43. f3 Ke7 44. Nb4 Kd7 45. Kd1 Nb3 46. Nc2 Kc7 47. Na3 Nd4
48. f4 exd5 49. exd5 Kb6 50. Nc4+ Kc5 51. Ne3 Nb5 52. Kc2 Kd4 53. Ng4 Nc7 54.
Nf6 Nxd5 55. Nxd5 Kxd5 56. Kxc3 Ke4 57. h3 f5 58. g4 fxg4 59. hxg4 Kxf4 60. Kd4
Kxg4 0-1

[Event "Druzynowe Mistrzostwa Polski Juniorow - I Liga 2018"]
[Site "Kudowa-Zdroj"]
[Date "1899-12-30"]
[Round "3.19"]
[White "Golenia, Jan"]
[Black "Fus, Jakub"]
[Result "1-0"]
[WhiteTitle "I"]
[BlackTitle "k"]
[WhiteElo "1986"]
[BlackElo "2195"]

1. d4 Nf6 2. Bg5 e6 3. e4 h6 4. Bxf6 Qxf6 5. c3 d6 6. Nf3 e5 7. dxe5 dxe5 8. Nbd2
Nd7 9. Qc2 g6 10. Be2 Bg7 11. Nc4 O-O 12. Rd1 Qe7 13. Ne3 c6 14. O-O Nc5 15. b4
Ne6 16. Nd2 Nf4 17. Bf3 Be6 18. Ndc4 Qc7 19. Rd2 Rfd8 20. Rfd1 Rxd2 21. Qxd2 h5
22. a3 Bf8 23. h4 Be7 24. g3 Rd8 25. Qc2 Bxc4 26. Nxc4 Rxd1+ 27. Qxd1 Ne6 28.
Be2 b5 29. Na5 a6 30. Qd2 Kg7 31. Bd1 c5 32. Bb3 c4 33. Bd1 Qd6 34. Qxd6 Bxd6
35. Nc6 Kf6 36. a4 Nc7 37. Na7 Ke6 38. Nc8 Bf8 39. Kf1 Kd7 40. Nb6+ Kc6 41. a5
Bh6 42. Ke1 Ne8 43. Nxc4 f6 44. Nb6 Nd6 45. Bb3 Bg7 46. Ke2 Bh6 47. Kd3 f5 48.
Bd5+ Kc7 49. f3 f4 50. g4 hxg4 51. fxg4 Bf8 52. g5 Bg7 53. Bg8 f3 54. Bd5 Kd8
55. Ke3 Ke8 56. Kxf3 Bf8 57. Ke3 Be7 58. Bb3 Bf8 59. Nd5 Kd7 60. Kd3 Kc6 61. Nf6
Kc7 62. Bd5 Kd8 63. Ng4 Bg7 64. Ne3 Bf8 65. Nd1 Kd7 66. Nb2 Be7 67. Ke3 Bf8 68.
Nd3 Bg7 69. Nc5+ Kc8 70. Nxa6 Bf8 71. Nc5 Be7 72. Nd3 1-0

[Event "Druzynowe Mistrzostwa Polski Juniorow - I Liga 2018"]
[Site "Kudowa-Zdroj"]
[Date "1899-12-30"]
[Round "3.20"]
[White "Jarzebowski, Kacper"]
[Black "Golenia, Wojciech"]
[Result "1-0"]
[WhiteTitle "I++"]
[BlackTitle "I++"]
[WhiteElo "1969"]
[BlackElo "1984"]

1. d4 d5 2. Nf3 Nf6 3. g3 Bf5 4. Bg2 e6 5. O-O Nbd7 6. c4 c6 7. Qb3 Qb6 8. c5 Qxb3
9. axb3 Be7 10. b4 O-O 11. Nc3 Ne4 12. Nd2 Nxd2 13. Bxd2 Bf6 14. Be3 a6 15. f4
Be7 16. h3 h5 17. Kh2 Nf6 18. Bf3 Bg6 19. Bf2 Ne4 20. Nxe4 dxe4 21. Bg2 f5 22.
e3 Bf7 23. Rg1 Kh7 24. Bf1 g5 25. Bc4 Rh8 26. h4 g4 27. Be1 Kg7 28. Bc3 Bf6 29.
Ra3 Rhd8 30. Be2 Be8 31. Rga1 Rac8 32. Kg2 Kf7 33. Kf2 Rd7 34. Bc4 Ke7 35. Ke2
Bf7 36. Bb3 Bh8 37. Rf1 Bg8 38. d5 Bxc3 39. d6+ Kf6 40. bxc3 Bf7 41. Kd2 Re8 42.
Kc2 e5 43. Bxf7 Rxf7 44. Kb3 exf4 45. Rxf4 Ke5 46. Ra2 Rb8 47. c4 b6 48. cxb6
Rxb6 49. Ra5+ Ke6 50. Kc3 c5 51. bxc5 Rb1 52. Rxa6 Rc1+ 53. Kd2 Rg1 54. d7+ Ke7
55. Rd6 Kd8 56. c6 Rf8 57. Rxf5 Rg8 58. Rfd5 Rg2+ 59. Kc3 Kc7 60. d8=Q+ Rxd8 61.
Rxd8 Ra2 62. Rg8 Ra1 63. Rg7+ Kxc6 64. Rg6+ Kc7 65. Rxh5 Ra3+ 66. Kb4 Rd3 67.
Rh7+ Rd7 68. Rxd7+ Kxd7 69. h5 1-0

[Event "Druzynowe Mistrzostwa Polski Juniorow - I Liga 2018"]
[Site "Kudowa-Zdroj"]
[Date "1899-12-30"]
[Round "3.21"]
[White "Wrona, Florian"]
[Black "Jedrusik, Adam"]
[Result "1/2-1/2"]
[WhiteTitle "I"]
[BlackTitle "I"]
[WhiteElo "1660"]
[BlackElo "1518"]

1. e4 c6 2. d4 d5 3. exd5 cxd5 4. c3 Nf6 5. Nf3 Nc6 6. Bd3 Bg4 7. Bf4 e6 8. Nbd2
Bd6 9. Bxd6 Qxd6 10. O-O O-O 11. h3 Bh5 12. Be2 Rfc8 13. Ne5 Nxe5 14. Bxh5 Nxh5
15. Qxh5 Nc4 16. Nxc4 Rxc4 17. Rae1 b5 18. a3 a5 19. f4 g6 20. Qe5 Qxe5 21. fxe5
b4 22. axb4 axb4 23. Re3 Ra7 24. Kh2 Ra2 25. Ref3 Rc7 26. Rb1 Rb7 27. Rf2 Rc7
28. Rf3 Rb7 29. Rf2 Ra6 30. Rc1 Rc6 31. Rfc2 Rbc7 32. Kg3 Kg7 33. Kf4 f6 34. exf6+
Kxf6 35. Ke3 Ke7 36. Kd3 b3 37. Re2 Rc8 38. Ra1 Kf6 39. Ra3 Rb6 40. Ra7 Rh8 41.
Rf2+ Kg5 42. Rff7 h5 43. g3 h4 44. g4 Re8 45. Ke3 Reb8 46. Kf3 Re8 47. Rab7 Rb8
48. Rxb6 Rxb6 49. Ke3 Rb8 50. Kd3 Rc8 51. Ke3 Rb8 52. Ke2 Rb6 53. Ke3 Rb8 54.
Re7 Kf6 55. Rc7 Kg5 56. c4 dxc4 57. Rxc4 Ra8 58. Rc5+ Kf6 59. Rb5 Ra1 60. g5+
Ke7 61. Rxb3 Rh1 62. Ke4 Re1+ 63. Re3 Rd1 64. Rf3 Rg1 65. Rf4 Rxg5 66. Rxh4 Rb5
67. Rg4 Rxb2 68. Rxg6 Rh2 69. Rh6 Kd6 70. h4 Re2+ 71. Kd3 Rh2 72. Rh8 Ke7 73.
Ke4 Re2+ 74. Kf4 Rd2 75. Rh7+ Kf6 76. Rh6+ Kf7 77. Ke5 Re2+ 78. Kd6 Re4 79. Kc5
Re1 80. Rh7+ Kf6 81. Rh6+ Kf7 82. Rh7+ Kf6 83. Rh6+ Kf7 84. h5 Rc1+ 85. Kd6 Rd1
86. Ke5 Re1+ 87. Kf4 Rg1 88. Rh7+ Kf6 89. Rh6+ Kf7 90. Rh7+ Kf6 91. Ke4 Re1+ 92.
Kf4 Rd1 93. Ke4 Re1+ 94. Kf4 Rd1 95. Rh6+ Kf7 96. Ke5 Re1+ 97. Kd6 Rd1 98. Ke5
Re1+ 99. Kf4 Rd1 100. Ke3 Re1+ 101. Kd2 Rh1 102. Ke2 Rh2+ 103. Kf3 Rd2 104. Ke3
Rd1 105. Rg6 Rh1 106. Rg5 Kf6 107. Re5 Rh3+ 108. Kf4 Rh4+ 109. Ke3 Rh3+ 110. Ke4
Rh4+ 111. Kd3 Rh1 112. Kc4 Rc1+ 113. Kb5 Rh1 114. Kc5 Rh4 115. Kc4 Rh3 116. Kb4
Rh4 117. Kc5 Kf7 118. Kc4 Kf6 119. Kd3 Rh3+ 120. Kc4 Rh1 121. Kc5 Rh4 122. h6
Rxh6 123. Kd6 Kf7 124. Re3 e5+ 125. Kxe5 Re6+ 126. Kf4 Rxe3 127. Kxe3 Ke7 128.
Kf4 Kd6 129. Ke4 Ke6 130. d5+ Kd6 131. Kd4 Kd7 132. Kc5 Kc7 133. d6+ Kd7 134.
Kd5 Kd8 135. Kc5 Kd7 136. Kd5 Kd8 137. Ke4 1/2-1/2

[Event "Druzynowe Mistrzostwa Polski Juniorow - I Liga 2018"]
[Site "Kudowa-Zdroj"]
[Date "1899-12-30"]
[Round "3.22"]
[White "Dalkowski, Rafal"]
[Black "Knapik, Kamil"]
[Result "1/2-1/2"]
[WhiteTitle "II"]
[BlackTitle "II"]
[WhiteElo "1510"]
[BlackElo "1479"]

1. d4 d5 2. c4 c6 3. Nc3 Nf6 4. Nf3 e6 5. Bg5 Be7 6. e3 Nbd7 7. cxd5 exd5 8. Bd3
h6 9. Bh4 O-O 10. O-O Re8 11. Re1 Ne4 12. Bg3 Ndf6 13. Ne5 Bd6 14. Nxe4 Nxe4 15.
Bxe4 dxe4 16. Qc2 Bf5 17. a4 h5 18. h3 Qc7 19. f4 f6 20. Nc4 Bb4 21. Red1 Rad8
22. Rac1 Qe7 23. Qe2 Qf7 24. Be1 Bxe1 25. Qxe1 Be6 26. Qb4 Rd7 27. a5 Qg6 28.
Kh2 h4 29. Qe1 Qh5 30. Rd2 Bxc4 31. Rxc4 Qxa5 1/2-1/2

[Event "Druzynowe Mistrzostwa Polski Juniorow - I Liga 2018"]
[Site "Kudowa-Zdroj"]
[Date "1899-12-30"]
[Round "3.23"]
[White "Budkiewicz, Magdalena"]
[Black "Tarka, Aleksandra"]
[Result "1/2-1/2"]
[WhiteTitle "I++"]
[BlackTitle "I++"]
[WhiteElo "1774"]
[BlackElo "1679"]

1. e4 c5 2. Nf3 Nc6 3. d4 cxd4 4. Nxd4 Nf6 5. f3 e6 6. c4 Qb6 7. Nb5 Bc5 8. Nd6+
Ke7 9. Nxc8+ Raxc8 10. Be2 Bf2+ 11. Kf1 Bd4 12. Nd2 Rhd8 13. Qb3 d5 14. Qxb6 Bxb6
15. exd5 exd5 16. b3 Nd4 17. Ba3+ Ke8 18. Bd3 Bc5 19. Bxc5 Rxc5 20. Re1+ Kf8 21.
Bb1 dxc4 22. Nxc4 b5 23. Ne3 Nd5 24. Nxd5 Rcxd5 25. Kf2 Nc6 26. Re2 Rd2 27. Rhe1
Nb4 28. Rxd2 Rxd2+ 29. Re2 Rd1 30. Re1 Rd2+ 31. Re2 Rd1 1/2-1/2

[Event "Druzynowe Mistrzostwa Polski Juniorow - I Liga 2018"]
[Site "Kudowa-Zdroj"]
[Date "1899-12-30"]
[Round "3.24"]
[White "Rejniak, Zuzanna"]
[Black "Slusarczyk, Anna"]
[Result "1-0"]
[WhiteTitle "I++"]
[BlackTitle "II+"]
[WhiteElo "1559"]
[BlackElo "1078"]

1. e4 c6 2. d4 d5 3. Nc3 dxe4 4. Nxe4 Bf5 5. Ng3 Bg6 6. Nf3 h6 7. Ne5 Bh7 8. Bc4
e6 9. Bxe6 Bg6 10. Nxg6 fxg6 11. Qg4 Ne7 12. Qf4 Nf5 13. Nxf5 gxf5 14. O-O Bd6
15. Qxf5 Qf6 16. Qe4 Nd7 17. d5 Nc5 18. Qg4 Nxe6 19. Re1 O-O 20. Qxe6+ Qxe6 21.
dxe6 Bc5 22. Be3 Bxe3 23. Rxe3 Rae8 24. Rd1 Rd8 25. Rd7 Rfe8 26. g3 Rb8 27. Kg2
Red8 28. Red3 Re8 29. R3d6 Kf8 30. Rf7+ Kg8 31. Rdd7 Rxe6 32. Rxg7+ Kf8 33. Rxb7
Rxb7 34. Rxb7 Re2 35. c3 Ke8 36. a4 a5 37. b4 Re4 38. Rc7 axb4 39. cxb4 Rxb4 40.
Rxc6 Rxa4 41. Rxh6 Kf7 42. f4 Kg7 43. Rb6 Ra8 44. Kf3 Rh8 45. h4 Rh5 46. Kg4 Rh8
47. Kg5 Rg8 48. Rg6+ Kf7 49. Rxg8 Kxg8 50. Kg6 Kf8 51. f5 Kg8 52. f6 Kh8 53. Kf7
Kh7 54. Ke7 Kg8 55. f7+ 1-0

[Event "Druzynowe Mistrzostwa Polski Juniorow - I Liga 2018"]
[Site "Kudowa-Zdroj"]
[Date "1899-12-30"]
[Round "3.25"]
[White "Brozyna, Mateusz"]
[Black "Woloch, Oskar"]
[Result "1/2-1/2"]
[WhiteTitle "k"]
[BlackTitle "k"]
[WhiteElo "2098"]
[BlackElo "2137"]

1. e4 e5 2. Nf3 Nc6 3. Bc4 Nf6 4. d3 Be7 5. Bb3 O-O 6. O-O d6 7. c3 Na5 8. Bc2
c5 9. Nbd2 Nc6 10. Re1 Re8 11. Nf1 Bf8 12. Ng3 g6 13. h3 Bg7 14. Be3 h5 15. Qd2
b5 16. Bg5 Qb6 17. Nf1 Be6 18. Ne3 a5 19. Bb3 a4 20. Bxe6 fxe6 21. Nc2 Nh7 22.
Nh4 Nf8 23. Re3 Nd8 24. Rg3 Nf7 25. Be3 Kh7 26. Qe2 Nh8 27. Ne1 a3 28. b3 d5 29.
Nef3 Kg8 30. Rc1 Qc6 31. Ng5 c4 32. b4 cxd3 33. Qxd3 Qc4 34. Qb1 Ra4 35. Nhf3
Nd7 36. Nd2 Qc6 37. Nb3 Raa8 38. Nc5 Nb6 39. Rd1 Rad8 40. Qb3 Nc4 41. Bc1 Bf8
42. Bxa3 Ra8 43. Bc1 Bxc5 44. bxc5 Qxc5 45. Rgd3 Rad8 46. a4 bxa4 47. Qxa4 Re7
48. Qa6 Rf8 49. Be3 Qc8 50. Qxc8 Rxc8 51. Bc1 Nb6 52. Ba3 Ra7 53. Bb4 Rc6 54.
Rf3 Nf7 55. Nxf7 Rxf7 56. Rg3 Kg7 57. Re1 d4 58. Rd3 Rc4 59. Bd6 Nd7 60. cxd4
exd4 61. f4 Nc5 62. Be5+ Kg8 1/2-1/2

[Event "Druzynowe Mistrzostwa Polski Juniorow - I Liga 2018"]
[Site "Kudowa-Zdroj"]
[Date "1899-12-30"]
[Round "3.26"]
[White "Lambrecht, Tomasz"]
[Black "Pietrzak, Tomasz"]
[Result "1/2-1/2"]
[WhiteTitle "II"]
[BlackTitle "II"]
[WhiteElo "1544"]
[BlackElo "1617"]

1. Nf3 d5 2. c4 e6 3. e3 Nf6 4. Nc3 Be7 5. Be2 O-O 6. O-O c5 7. cxd5 Nxd5 8. d4
Nxc3 9. bxc3 b6 10. Ne5 Bb7 11. Bf3 Qc7 12. Rb1 Nc6 13. Nxc6 Bxc6 14. Bxc6 Qxc6
15. a4 Rfd8 16. Ba3 Bf6 17. Qb3 h6 18. Rfd1 cxd4 19. cxd4 Rac8 20. a5 bxa5 21.
Bc5 Rb8 22. Qa3 Qe4 23. Rb2 Rxb2 24. Qxb2 e5 25. Bxa7 exd4 26. exd4 a4 27. g3
Qf3 28. Ra1 Qb3 29. Qxb3 axb3 30. Rb1 Ra8 31. Bc5 Rb8 32. Rb2 Rd8 33. Rxb3 1/2-1/2

[Event "Druzynowe Mistrzostwa Polski Juniorow - I Liga 2018"]
[Site "Kudowa-Zdroj"]
[Date "1899-12-30"]
[Round "3.27"]
[White "Suder, Jakub"]
[Black "Gorkiewicz, Mateusz"]
[Result "1-0"]
[WhiteTitle "I+"]
[BlackTitle "I"]
[WhiteElo "1837"]
[BlackElo "1870"]

1. d4 d5 2. c4 e6 3. Nc3 Nf6 4. cxd5 exd5 5. Bg5 Be7 6. e3 O-O 7. Bd3 Nbd7 8. Qc2
Re8 9. Nge2 Nf8 10. O-O Be6 11. Rad1 Rc8 12. f3 a6 13. e4 dxe4 14. fxe4 Ng4 15.
Bxe7 Qxe7 16. Qd2 c5 17. d5 Bd7 18. h3 Ne5 19. Bc2 Qd6 20. Nf4 Nfg6 21. Nxg6 Qxg6
22. Qf2 Bxh3 23. d6 Bg4 24. d7 Bxd7 25. Rxd7 Nxd7 26. e5 Qg4 27. Qxf7+ Kh8 28.
e6 Ne5 29. Qf5 Qd4+ 30. Rf2 Ng6 31. e7 Rc6 32. Nd5 Rf6 33. Nxf6 Qxf6 34. Qh3 Qd6
35. Bxg6 Qd1+ 36. Rf1 Qd4+ 1-0

[Event "Druzynowe Mistrzostwa Polski Juniorow - I Liga 2018"]
[Site "Kudowa-Zdroj"]
[Date "1899-12-30"]
[Round "3.28"]
[White "Musin, Pawel"]
[Black "Dziewonski, Dariusz"]
[Result "0-1"]
[WhiteTitle "II"]
[BlackTitle "I"]
[WhiteElo "1202"]
[BlackElo "1733"]

1. d4 d5 2. Nf3 Nf6 3. e3 e6 4. Bd3 c5 5. O-O Nc6 6. a3 Bd7 7. b3 cxd4 8. exd4
Bd6 9. Bb2 O-O 10. Nbd2 Qc7 11. Re1 Rac8 12. Ne5 h6 13. f4 Qb6 14. Kh1 Nxd4 15.
g4 Bxe5 16. Rxe5 Nc6 17. Re1 e5 18. h3 e4 19. Bxf6 gxf6 20. Bf1 Qf2 21. Re2 Qxf4
22. Qe1 Nd4 23. Rf2 Qg5 24. Nxe4 dxe4 25. Qd1 Bc6 26. Bg2 Nf3 27. Qd6 Qe5 28.
Qd1 Qh2# 0-1

[Event "Druzynowe Mistrzostwa Polski Juniorow - I Liga 2018"]
[Site "Kudowa-Zdroj"]
[Date "1899-12-30"]
[Round "3.29"]
[White "Mazanowska, Aniela"]
[Black "Karlyk, Maria"]
[Result "0-1"]
[WhiteTitle "II"]
[BlackTitle "I"]
[WhiteElo "1313"]
[BlackElo "1726"]

1. e4 c5 2. d4 cxd4 3. c3 dxc3 4. Nxc3 Nc6 5. Nf3 d6 6. Bc4 Nf6 7. O-O a6 8. Bf4
Bg4 9. h3 Bxf3 10. Qxf3 h6 11. Rfd1 e5 12. Be3 b5 13. Bb3 Rc8 14. Rac1 Be7 15.
Nd5 O-O 16. Bb6 Qd7 17. Bc5 Nxd5 18. Bxd5 Nd8 19. Bb6 Ne6 20. Qa3 Rxc1 21. Rxc1
Rc8 22. Rd1 Nc7 23. Bb3 Qc6 24. Qa5 Na8 25. Bd5 Qxb6 26. Qb4 Rf8 27. Rc1 Nc7 28.
Bc6 a5 29. Qd2 Bg5 30. Qc2 Bxc1 31. Qxc1 Na6 32. Bd5 Qc5 33. Qe1 Nb4 34. Kh2 Nxd5
35. exd5 Qxd5 36. Qxa5 Qe4 37. Qxb5 Qf4+ 38. Kg1 Rc8 39. g3 Rc1+ 40. Kh2 Qxf2#
0-1

[Event "Druzynowe Mistrzostwa Polski Juniorow - I Liga 2018"]
[Site "Kudowa-Zdroj"]
[Date "1899-12-30"]
[Round "3.30"]
[White "Mytnik, Kinga"]
[Black "Czarnecka, Lidia"]
[Result "0-1"]
[WhiteTitle "I"]
[BlackTitle "I++"]
[WhiteElo "1446"]
[BlackElo "1767"]

1. e4 c5 2. Nc3 Nc6 3. f4 g6 4. Nf3 Bg7 5. g3 e6 6. Bg2 Nge7 7. d3 d6 8. Be3 Nd4
9. e5 Nef5 10. Bf2 d5 11. Ne2 Nxf3+ 12. Bxf3 b6 13. c3 Bb7 14. d4 c4 15. g4 Ne7
16. Ng3 Qd7 17. h4 O-O-O 18. b4 Kb8 19. a4 Nc6 20. Be3 Bf8 21. Nf1 Rc8 22. Nd2
Be7 23. Qc2 Qd8 24. Bf2 Qd7 25. Qb2 Nxb4 26. Be2 Nc6 27. Qb5 Qc7 28. Bd1 Na5 29.
Nb1 Ka8 30. Bc2 Bc6 31. Qb2 Qd7 32. h5 Rcg8 33. h6 f6 34. Nd2 fxe5 35. fxe5 Rf8
36. Nf1 Bg5 37. Bd1 Rf7 38. Qe2 Rhf8 39. Be3 Qe7 40. Ra2 Bh4+ 41. Kd2 Rf2 42.
Bxf2 Rxf2 43. Ne3 Rxe2+ 44. Kxe2 Bg5 45. Nc2 Nb3 46. Kf2 Nc1 47. Ra1 Nd3+ 48.
Kg2 Qf8 49. Rf1 Nf4+ 50. Kf3 Qxh6 51. Ke3 Nd3+ 52. Ke2 Qh2+ 53. Kf3 Qh3+ 54. Ke2
Qg2+ 55. Rf2 Qxf2# 0-1

[Event "Druzynowe Mistrzostwa Polski Juniorow - I Liga 2018"]
[Site "Kudowa-Zdroj"]
[Date "1899-12-30"]
[Round "4.1"]
[White "Grela, Kacper"]
[Black "Woloch, Oskar"]
[Result "1-0"]
[WhiteTitle "FM"]
[BlackTitle "k"]
[WhiteElo "2320"]
[BlackElo "2137"]

1. e4 e5 2. Nf3 Nc6 3. Bb5 a6 4. Ba4 Nf6 5. O-O Be7 6. d3 b5 7. Bb3 d6 8. a3 O-O
9. Nc3 Bg4 10. Be3 Qd7 11. Nd5 Bd8 12. h3 Bh5 13. Nxe5 dxe5 14. Nxf6+ Bxf6 15.
Qxh5 g6 16. Qg4 Qd6 17. c3 Na5 18. Bc2 Bg7 19. f4 exf4 20. Bxf4 Qb6+ 21. Kh1 c5
22. Qd7 Qe6 23. Qxe6 fxe6 24. Bc7 Nc6 25. Bb3 Rfe8 26. Bb6 Ne5 27. Rad1 c4 28.
dxc4 bxc4 29. Ba4 Re7 30. Rd6 Rb8 31. Bc5 Rc7 32. Bd4 Nf7 33. Bxg7 Kxg7 34. Rxe6
Rxb2 35. Rxa6 Ng5 36. Re1 Rf7 37. e5 Rff2 38. Bc6 Ne6 39. Kg1 Kh6 40. Ra4 Nf4
41. Rf1 Rxf1+ 42. Kxf1 Rb1+ 43. Kf2 Nd3+ 44. Ke3 Re1+ 45. Kd4 Nxe5 46. Be4 Nf7
47. Ra6 1-0

[Event "Druzynowe Mistrzostwa Polski Juniorow - I Liga 2018"]
[Site "Kudowa-Zdroj"]
[Date "1899-12-30"]
[Round "4.2"]
[White "Lambrecht, Tomasz"]
[Black "Karykowska, Anna"]
[Result "1/2-1/2"]
[WhiteTitle "II"]
[BlackTitle "k"]
[WhiteElo "1544"]
[BlackElo "1869"]

1. Nf3 c5 2. c4 Nc6 3. Nc3 e5 4. d3 g6 5. g3 Bg7 6. Bg2 d6 7. Rb1 Nge7 8. Bd2 O-O
9. O-O h6 10. a3 a5 11. h3 Be6 12. e4 f5 13. b3 Qd7 14. Kh2 Nd4 15. Nxd4 cxd4
16. Na4 Ra6 17. f3 b5 18. Nb2 Rb8 19. a4 b4 20. Qe2 Rf8 21. Nd1 Nc8 22. Nb2 Nb6
23. Ra1 Qe7 24. Rae1 Nd7 25. Qd1 Nc5 26. Qc2 Raa8 27. Re2 Rf7 28. Rfe1 Raf8 29.
Nd1 Qd7 30. Bc1 g5 31. g4 fxe4 32. fxe4 Qe7 33. Kg1 Bd7 34. Rf2 Rxf2 35. Nxf2
Ne6 36. Nh1 Nf4 37. Ng3 Rc8 38. Nf5 Qf6 39. Bxf4 gxf4 40. Qf2 Kf7 41. Qh4 Bxf5
42. Qxf6+ Kxf6 43. exf5 h5 44. Bf3 hxg4 45. hxg4 Kg5 46. Kg2 Rh8 47. Rh1 Rxh1
48. Kxh1 Kh4 49. Kg2 Bf6 50. Be2 Kg5 51. Bf3 1/2-1/2

[Event "Druzynowe Mistrzostwa Polski Juniorow - I Liga 2018"]
[Site "Kudowa-Zdroj"]
[Date "1899-12-30"]
[Round "4.3"]
[White "Kejna, Piotr"]
[Black "Gorkiewicz, Mateusz"]
[Result "0-1"]
[WhiteTitle "CM"]
[BlackTitle "I"]
[WhiteElo "1505"]
[BlackElo "1870"]

1. e4 c5 2. Nf3 e6 3. d4 cxd4 4. Nxd4 Qb6 5. Nb3 Qc7 6. Nc3 a6 7. Bd3 Nf6 8. O-O
b5 9. a3 Bb7 10. Be3 d5 11. exd5 Nxd5 12. Nxd5 Bxd5 13. Nd4 Nd7 14. Qd2 Bd6 15.
f4 Nf6 16. Rad1 O-O 17. h3 Rad8 18. Qf2 Ne4 19. Bxe4 Bxe4 20. c3 Qb7 21. Rd2 Rd7
22. Rfd1 Rfd8 23. f5 e5 24. Nb3 Be7 25. Bc5 Rxd2 26. Rxd2 Rxd2 27. Nxd2 Bxc5 28.
Qxc5 Bxg2 29. Qxe5 Bc6 30. Nb3 h6 31. Nd4 Qd7 32. Kh2 Bb7 33. Kg3 Qd8 34. h4 Kh7
35. Kg4 Bh1 36. Qh2 Qd5 37. Qe2 Qd6 38. Qd3 Qh2 39. f6+ g6 40. Qg3 h5+ 41. Kf4
Qxb2 42. Qe3 Qh2+ 43. Qg3 Qd2+ 44. Qe3 Qg2 45. Qe7 Qf2+ 46. Nf3 Qxf3+ 47. Ke5
Qe4+ 48. Kd6 Qd5+ 49. Kc7 Qc6+ 50. Kd8 Qa8+ 51. Kc7 Kg8 52. Qe3 Qb7+ 53. Kd8 Bc6
54. Qd2 Qb8+ 0-1

[Event "Druzynowe Mistrzostwa Polski Juniorow - I Liga 2018"]
[Site "Kudowa-Zdroj"]
[Date "1899-12-30"]
[Round "4.4"]
[White "Musin, Pawel"]
[Black "Eigner, Jerzy"]
[Result "0-1"]
[WhiteTitle "II"]
[BlackTitle "II+"]
[WhiteElo "1202"]
[BlackElo "1352"]

1. d4 d5 2. Nf3 Nf6 3. e3 e6 4. Bd3 c5 5. b3 Nc6 6. a3 cxd4 7. exd4 Bd6 8. Bb2
Qc7 9. O-O O-O 10. Nbd2 a6 11. Re1 b5 12. b4 Bb7 13. Ne5 Qb6 14. Ndf3 a5 15. c3
Rfc8 16. Nxc6 Bxc6 17. Ne5 Ne4 18. Nxc6 Qxc6 19. Bxe4 dxe4 20. Qg4 axb4 21. axb4
f5 22. Qe2 e5 23. Rxa8 Rxa8 24. Qd1 Qc4 25. Re2 exd4 26. Qxd4 Qxd4 27. cxd4 Ra2
28. Rc2 Bxb4 29. g3 Kf7 30. Rc7+ Kg6 31. Bc1 Be1 32. Be3 Bd2 33. Bxd2 Rxd2 34.
Rb7 Rxd4 35. Rxb5 Rd7 36. h3 Kg5 37. Ra5 h6 38. h4+ Kg4 39. Ra6 Kf3 40. Ra3+ Rd3
41. Ra1 e3 42. fxe3 Kxg3 43. Kf1 Rxe3 44. Ra7 g5 45. Ke1 0-1

[Event "Druzynowe Mistrzostwa Polski Juniorow - I Liga 2018"]
[Site "Kudowa-Zdroj"]
[Date "1899-12-30"]
[Round "4.5"]
[White "Lascar, Maria Elena"]
[Black "Karlyk, Maria"]
[Result "1/2-1/2"]
[WhiteTitle "I+"]
[BlackTitle "I"]
[WhiteElo "1604"]
[BlackElo "1726"]

1. e4 c5 2. Nf3 d6 3. d4 cxd4 4. Nxd4 Nf6 5. Nc3 a6 6. g3 Bd7 7. Bg2 Nc6 8. O-O
h6 9. h3 Nxd4 10. Qxd4 e5 11. Qd3 Qc8 12. Kh2 g5 13. f4 gxf4 14. gxf4 Be7 15.
f5 Qc7 16. a4 Rc8 17. Be3 Bc6 18. Qd2 Bf8 19. Rf2 Qe7 20. Raf1 Bg7 21. Rd1 Bf8
22. Rdf1 Bg7 23. Rd1 Bf8 24. Rdf1 Bg7 25. Rd1 1/2-1/2

[Event "Druzynowe Mistrzostwa Polski Juniorow - I Liga 2018"]
[Site "Kudowa-Zdroj"]
[Date "1899-12-30"]
[Round "4.6"]
[White "Mytnik, Kinga"]
[Black "Szachniewicz, Weronika"]
[Result "1/2-1/2"]
[WhiteTitle "I"]
[BlackTitle "II+"]
[WhiteElo "1446"]
[BlackElo "1057"]

1. e4 c5 2. Nc3 e6 3. f4 d5 4. Bb5+ Bd7 5. Bxd7+ Qxd7 6. d3 d4 7. Nce2 Nc6 8. Nf3
Nf6 9. h3 Be7 10. O-O O-O-O 11. Bd2 h6 12. Rc1 Kb8 13. c3 dxc3 14. Rxc3 c4 15.
Nc1 cxd3 16. Rxd3 Qc7 17. Qe2 Qb6+ 18. Be3 Bc5 19. Bxc5 Qxc5+ 20. Kh2 Rxd3 21.
Nxd3 Qc4 22. e5 Nh5 23. Nd2 Nd4 24. Qe3 Qd5 25. g4 Rd8 26. Qe4 Nc2 27. Qxd5 Rxd5
28. Rf3 Nxf4 29. Rxf4 Rxd3 30. Nf3 Rd7 31. Re4 Kc8 32. Rc4+ Rc7 33. Re4 Kd7 34.
Kg2 Ke7 35. Kf2 f6 36. Ke2 a5 37. a3 Na1 38. Nd4 Kf7 39. Kd2 Rd7 40. Kc3 Rc7+
41. Kd3 Rd7 42. Ke3 Rd5 43. exf6 gxf6 44. Nxe6 Nb3 45. Nd4 Nxd4 46. Rxd4 Rb5 47.
b4 axb4 48. axb4 Kg6 1/2-1/2

[Event "Druzynowe Mistrzostwa Polski Juniorow - I Liga 2018"]
[Site "Kudowa-Zdroj"]
[Date "1899-12-30"]
[Round "4.7"]
[White "Fus, Jakub"]
[Black "Brozyna, Mateusz"]
[Result "1/2-1/2"]
[WhiteTitle "k"]
[BlackTitle "k"]
[WhiteElo "2195"]
[BlackElo "2098"]

1. e4 c5 2. Nf3 Nc6 3. Bb5 Qb6 4. Nc3 e6 5. O-O a6 6. Bxc6 Qxc6 7. d4 cxd4 8. Nxd4
Qc7 9. Be3 Bb4 10. Qd3 Nf6 11. f3 O-O 12. Nde2 Be7 13. a4 b6 14. Rfd1 Bb7 15.
Bf4 Qc5+ 16. Kh1 d5 17. e5 Nd7 18. Nd4 Rac8 19. Nce2 Qc7 20. Qe3 a5 21. Ng3 Ba6
22. c3 Rfe8 23. Nge2 Bf8 24. Bg3 g6 25. Ng1 Qc4 26. f4 Nc5 27. Ngf3 Ne4 28. Nd2
Qd3 29. Qe1 Nxd2 30. Rxd2 Qc4 31. Bh4 Bc5 32. Bf6 Bxd4 33. Rxd4 Qc5 34. Qh4 Qf8
35. Re1 Rc4 36. Rxc4 Bxc4 37. Re3 d4 38. Rh3 h5 39. Qg5 Be2 40. f5 exf5 41. cxd4
Qb4 42. Rc3 Qxd4 43. h3 Kh7 44. Rc7 Bc4 45. Qc1 Be6 46. Qc6 Bd5 47. Qxe8 Bxg2+
48. Kxg2 Qd2+ 1/2-1/2

[Event "Druzynowe Mistrzostwa Polski Juniorow - I Liga 2018"]
[Site "Kudowa-Zdroj"]
[Date "1899-12-30"]
[Round "4.8"]
[White "Pietrzak, Tomasz"]
[Black "Jarzebowski, Kacper"]
[Result "0-1"]
[WhiteTitle "II"]
[BlackTitle "I++"]
[WhiteElo "1617"]
[BlackElo "1969"]

1. d4 Nf6 2. Bf4 e6 3. e3 b6 4. Nf3 Bb7 5. c3 Be7 6. Bd3 O-O 7. Nbd2 d5 8. Bg3
Nbd7 9. Qb1 c5 10. O-O h6 11. h3 a6 12. Ne5 Nxe5 13. dxe5 Nd7 14. f4 f6 15. exf6
Bxf6 16. e4 e5 17. exd5 exf4 18. Bxf4 Bxd5 19. Ne4 Be5 20. Bxe5 Nxe5 21. Ng3 Rxf1+
22. Nxf1 Qh4 23. Bh7+ Kh8 24. Qf5 Qe7 25. Re1 Re8 26. Bg6 Qe6 27. Kh1 Qxf5 28.
Bxf5 Bxa2 29. Nd2 Bf7 30. Ne4 Nc4 31. Kh2 g6 32. Bg4 Bd5 33. Bf3 Re7 34. Re2 Bxe4
35. Rxe4 Rxe4 36. Bxe4 Nxb2 37. Bxg6 a5 38. Kg3 b5 39. Kf3 a4 40. Ke2 a3 41. Bb1
b4 42. cxb4 cxb4 43. Kd2 Na4 44. Ba2 Nc3 45. Bc4 a2 46. Bxa2 Nxa2 47. Kc2 Nc3
48. Kb3 Nd5 49. g3 Kg7 50. Kc4 Kf6 51. Kd4 0-1

[Event "Druzynowe Mistrzostwa Polski Juniorow - I Liga 2018"]
[Site "Kudowa-Zdroj"]
[Date "1899-12-30"]
[Round "4.9"]
[White "Jedrusik, Adam"]
[Black "Suder, Jakub"]
[Result "0-1"]
[WhiteTitle "I"]
[BlackTitle "I+"]
[WhiteElo "1518"]
[BlackElo "1837"]

1. d4 d5 2. Nf3 Nf6 3. Bg5 Ne4 4. Bf4 c5 5. e3 Nc6 6. Nbd2 Bf5 7. Ne5 Qb6 8. Nxe4
Bxe4 9. Nxc6 bxc6 10. f3 Bg6 11. Bd3 e6 12. Rb1 Bxd3 13. Qxd3 c4 14. Qd1 Be7 15.
O-O O-O 16. b3 c3 17. Qd3 Bb4 18. a3 Bxa3 19. Qxc3 Bb4 20. Qd3 Rfe8 21. c3 Bf8
22. b4 f6 23. Ra1 a5 24. bxa5 Rxa5 25. Rfb1 Rxa1 26. Rxa1 e5 27. Bg3 g6 28. Rb1
Qa7 29. c4 exd4 30. exd4 Bh6 31. Bf2 Qa6 32. Re1 Rxe1+ 33. Bxe1 Qxc4 34. Qxc4
dxc4 35. Kf2 Kf7 36. Bc3 Ke6 37. g3 Kd5 38. Ke2 f5 39. h4 Bg7 40. Ke3 c5 0-1